000 00325nam a2200121Ia 4500
008 220204s9999 xx 000 0 und d
082 _a531.1
_bMIK
245 0 _aModern problems in elastic ware propagation
260 _aNew York
_bJohn Wiley
_c1978
700 _aAchenbach, Jan D
700 _aMiklowitz, Julius
942 _cBK
999 _c31407
_d31407